| 000 | 00796cam a2200217 4500 | ||
|---|---|---|---|
| 001 | WB3715-32 | ||
| 008 | 000000n2001 000 0 eng u | ||
| 035 | _a(Sirsi) u112068 | ||
| 245 | _aNo interest on deferred tax or NIC for businesses hit by FMD | ||
| 260 | _c2001 | ||
| 490 |
_aInland Revenue Press Release _v 14 April 2001, (1) |
||
| 520 | _aThe Inland Revenue has confirmed that businesses will not have to pay interest on tax or National Insurance Contributions which have been deferred as a result of serious financial difficulty caused by the FMD crisis. | ||
| 590 | _aWB | ||
| 650 | _aFOOT-AND-MOUTH DISEASE | ||
| 650 | _aRURAL BUSINESSES | ||
| 650 | _aRURAL ECONOMY | ||
| 650 | _aFINANCIAL ASSISTANCE | ||
| 650 | _aFINANCIAL CRISIS | ||
| 690 |
_aRural _96268 |
||
| 942 | _n0 | ||
| 999 |
_c66741 _d66741 |
||